00589nam a22001697a 450000500170000001000150001702000260003203500150005803700130007308200150008624500920010126000420019327000790023530000220031470000220033671000610035820231017160833.0 aENG-138277 c780.00a9789390818364 aEN- 121809 bDBAD/PUB a305.568b1 aDR.B.R.Ambedkar/cEdit by Vasudha N,( e.t.all)bHistory, Visions Identity and Relevance aNew DelhibBharti Publications c2022 bNew Delhia4819/24 2nd Floor, Mathur Lane Ansari Road, Darya Ganj,e110002 a170;pc22cm;(pbk) aNagarajan, Karuna aEdit by Ishwar V. Basavaraddi, B.S. Dagar, Sadhana Arya